Вып. 14; Вопросы теории и практики идеологической работы

Bibliographic Details
Parent link:Вопросы теории и практики идеологической работы/ Академия общественных наук при ЦК КПСС. Вып. 14.— , 1972-1989
Other Authors: Тощенко Ж. Т. Жан Терентьевич (редактор)
Summary:Исключено из фонда НТБ ТПУ
Language:Russian
Published: 1983
Format: MixedMaterials Book
KOHA link:https://koha.lib.tpu.ru/cgi-bin/koha/opac-detail.pl?biblionumber=266218

MARC

LEADER 00000nam2a2200000 4500
001 266218
005 20231031223438.0
035 |a (RuTPU)RU\TPU\book\289222 
035 |a RU\TPU\book\280133 
035 |a RU\TPU\book\290235 
090 |a 266218 
100 |a 20140416d1983 k y0rusy50 ca 
101 0 |a rus 
102 |a RU 
105 |a y z 001zy 
200 0 |a Вып. 14  |f под ред. Ж. Т. Тощенко 
210 |d 1983 
215 |a 286 с. 
320 |a Библиогр. в тексте 
333 |a Исключено из фонда НТБ ТПУ 
461 1 |0 (RuTPU)RU\TPU\book\277210  |t Вопросы теории и практики идеологической работы  |f Академия общественных наук при ЦК КПСС  |v Вып. 14  |d 1972-1989 
686 |a Ф61(2)5  |v LBC/SL-A  |2 rubbk 
702 1 |a Тощенко  |b Ж. Т.  |g Жан Терентьевич  |4 340 
801 1 |a RU  |b 63413507  |c 20140704 
801 2 |a RU  |b 63413507  |c 20210521  |g RCR 
942 |c BK